| 000 | 01436nam0a2200349 4500 | ||
|---|---|---|---|
| 001 | RU\NLR\BIBL_A\022635314 | ||
| 005 | 20260420054306.0 | ||
| 010 |
_a978-5-4461-2003-1 _92000 |
||
| 021 |
_aRU _bКН-П-25-049427 _9КН-П-25-4779 |
||
| 035 | _a(NLR Aleph) 022635314 | ||
| 090 |
_a13685005 _c13685005 |
||
| 100 | _a20251002d2025 k y0rusy50 ca | ||
| 101 | 0 | _arus | |
| 102 | _aRU | ||
| 105 | _ay j 000zy | ||
| 181 | 0 |
_ai _baxxe |
|
| 182 | 0 | _an | |
| 200 | 1 |
_aБухгалтерский учет за 14 дней _e[с учетом новейших ФСБУ] _eэкспресс-курс _eучебное пособие _fСергей Молчанов |
|
| 203 |
_aТекст _bвизуальный _cнепосредственный |
||
| 205 | _a14-е новое изд., испр. и доп. | ||
| 210 |
_aСанкт-Петербург [и др.] _cПитер _d2025 |
||
| 215 |
_a364 с. _d22 |
||
| 225 | 1 | _aСерия "Бухгалтеру и аудитору" | |
| 320 | _aДр. кн. авт. на 4-й с. обл. | ||
| 333 | _a16+ | ||
| 606 | 1 |
_aБухгалтерский учет _jУчебные издания _yРоссийская Федерация _92073607 _3RU\NLR\AUTH\661248526 |
|
| 686 | 1 | _aУ052.9(2)2я7 | |
| 700 | 1 |
_aМолчанов _bС. С. _gСергей Сергеевич |
|
| 942 | _cBOOK | ||
| 980 | _aNB | ||